000 00309nam a22001337a 4500
008 170414b xxu||||| |||| 00| 0 eng d
020 _a9781581102987
041 _aeng
080 _26TH
_a612.39
100 _a10
101 _aSHM
245 _aPEDIATRIC NUTRITION HANDBOOK
_cKLEINMAN, R.E
942 _2udc
_cBK
999 _c10792
_d10792